Obytná podkroví a pudní vestavby

Gespeichert in:
Bibliographische Detailangaben
Hauptverfasser: Měšťan, Radomír (Verfasst von), Pavlis, Jaroslav (Verfasst von)
Format: Buch
Sprache:Tschechisch
Veröffentlicht: Praha : SNTL, 1992
Ausgabe:1. vyd.
Schlagworte:
Tags: Tag hinzufügen
Keine Tags, Fügen Sie das erste Tag hinzu!

MARC

LEADER 00000nam a22000003a 4500
001 stu11212
005 20150617225802.0
008 950308s1992----cs------------------cze-d
020 |a 8003003644 
040 |a STU  |b slo 
041 0 |a cze 
044 |a cs 
100 1 |a Měšťan, Radomír  |4 aut 
245 1 |a Obytná podkroví a pudní vestavby 
250 |a 1. vyd. 
260 |a Praha :  |b SNTL,  |c 1992 
300 |a 478 s 
650 7 |a podkrovia  |2 stusub 
700 1 |a Pavlis, Jaroslav  |4 aut 
996 |b 284AU00738  |c A*2000 U  |l AAKNAR  |s A  |a 24  |w stu11212_0001 
996 |b 284AU02472  |c A*1865 U  |l AAKNAR  |s A  |a 24  |w stu11212_0002